000 01057cam a22002655a 4500
005 20081020032651.0
008 081003s2008 ii ab b 001 0 eng
010 _aENG-92632
020 _c395.00
_a9788189975265
035 _aEN-76165
037 _bDBAD / PUB
040 _adpl
_bEnglish
082 _a650.1
100 _aKevin
245 _aBoom!:
_cby Kevin and Jackie Freiberg
_b7 choices for blowing the doors off business-as-usual /
260 _aNew Delhi
_bWestland Books
_c2008
270 _aF-5, Okhla Industria Area, Phase - I, Mezzanine Floor
_bNew Delhi
_e110020
300 _axliii, 286p.:
_c22cm (pbk)
_bill.
500 _aIncludes bibliographical references and index
650 _aSuccess in business
_xPsychological aspects.
650 _aEmployee motivation.
700 _aFreiberg, Jackie, 1963-
942 _2ddc
_cEN
_mKEV
_h650.1
999 _c22488
_d22488